000 01045nam a2200277 a 4500
001 000014761
003 DO-SdBNP
005 20260305073958.0
008 100120s2008 dr ac 001 0 spa d
020 _a9993455997
040 _aDO-SdBNP
_bspa
_cBNPHU
082 _a320.97293
_bB171i
100 1 _a Balaguer, Joaquín,
_d1906-2002
_976556
245 1 0 _aIdeas políticas /
_cJoaquin Balaguer ; selección y prólogo Cándido Gerón.
260 _aSanto Domingo :
_bFundación Joaquín Balaguer,
_c2008.
300 _a477 p. :
_bil. ; retrs. ;
_c23 cm.
504 _aIncluye índice onomástico.
590 _aInventariado, 2018/ YL
600 1 0 _a Balaguer, Joaquín,
_d1906-2002
_xPensamiento política y social
_976556
651 1 0 _aRepública Dominicana
_xPolítica y gobierno
_945
651 1 0 _aRepública Dominican
_xHistoria
_z1966-1978
_933465
651 1 4 _aRepública Dominicana
_xHistoria
_z1986-1996
_933466
700 1 _aGerón, Candido,
_d1948-
_epról.
_93577
910 _aValidado. Control de calidad MMOLINA
942 _2ddc
_cLBS1
999 _c14344
_d14344